000 00259nam a2200097Ia 4500
001 645599
005 20250826153626.0
008 250824s9999 xx 000 0 und d
245 0 _aTALİHSİZ SER 8 DEHŞET HASTANESİ SC
_cLEMONY SNICKET
260 _bDOĞAN EGMONT
999 _c645599
_d645599